Economic Issues Today: Alternative Approaches. (Record no. 476)

MARC details
005 - DATE AND TIME OF LATEST TRANSACTION
control field 20250621093257.0
020 ## - INTERNATIONAL STANDARD BOOK NUMBER
International Standard Book Number 0-312-23455-4
082 ## - DEWEY DECIMAL CLASSIFICATION NUMBER
Classification number 330.973 CAR
100 ## - MAIN ENTRY--PERSONAL NAME
Author name CARSON, B. R.
245 ## - TITLE STATEMENT
Title Economic Issues Today: Alternative Approaches.
250 ## - EDITION STATEMENT
Edition statement 4th Ed.
260 ## - PUBLICATION, DISTRIBUTION, ETC.
Place of publication, distribution, etc. New York,
Name of publisher, distributor, etc. St Martin's Press,
Date of publication, distribution, etc. 1987.
300 ## - PHYSICAL DESCRIPTION
Extent x, 386p.: ill.; figure,
Other physical details Index
Dimensions 21cm
942 ## - ADDED ENTRY ELEMENTS (KOHA)
Source of classification or shelving scheme Dewey Decimal Classification
Koha item type Books
Holdings
Date last seen Total checkouts Full call number Barcode Cost, replacement price Price effective from Koha item type Lost status Source of classification or shelving scheme Damaged status Not for loan Withdrawn status Home library Current library Shelving location Date acquired Cost, normal purchase price
03/12/2025   330.973 CAR 0000001837 60000.00 03/12/2025 Books   Dewey Decimal Classification       College of Business Education Main Library College of Business Education Main Library General Collection 03/12/2025 20000.00